Contos (Registo nº 1479)

Detalhes MARC
000 -Etiqueta do registo
Cabeçalho 00792nam0a2200253 4500
005 - Identificador da versão
Campo de controlo 20240813121837.0
010 ## - Número internacional normalizado dos livros (ISBN)
Número (ISBN) 9726806534
021 ## - Número do Depósito Legal
Código do país PT
Número 237400/06
100 ## - Dados gerais de processamento
Dados gerais de processamento 20150420d2006 c y0pory5003 ba
102 ## - Pais de publicação ou produção
País de publicação Portugal
101 1# - Língua de publicação
Língua do texto, banda sonora, etc. Português
Língua do documento no original Inglês
215 ## - Descrição física 
Indicação específica da natureza do documento e extensão da espécie 80 p.
Outras indicações físicas il. color
200 1# - Titulo e menção de responsabilidade
Título próprio Contos
Primeira menção de responsabilidade Oscar Wilde
Outras menções de responsabilidade introd., notas, orientação de leitura, selecção de textos e tradução de Lurdes Cardoso
225 2# - Colecção 
Título próprio da colecção 1001 Livros
Indicação de volume 04
210 ## - Publicação, Distribuição, etc. 
Lugar da edição, distribuição, etc. Lisboa
Nome do editor, distribuidor, etc. Lisboa Editora
Data da publicação, distribuição, etc. 2006
606 ## - Nome comum usado como assunto
Número de registo de entrada de autoridade 0002195
Palavra de ordem Literatura irlandesa
Subdivisão de assunto Conto
Código do sistema CA
675 ## - Classificação Decimal Universal (CDU)
Notação 821.111(417)-34
Edição 3ª ed.
Língua da edição por
702 #1 - Nome de autor-pessoa física (responsabilidade secundária)
Número de registo de entrada de autoridade 0002201
Palavra de ordem Cardoso
Outra parte do nome não tomada para palavra de ordem Lurdes
Código de função Editor literário / Coordenador
-- Tradutor
700 #1 - Nome de autor-pessoa física (responsabilidade principal)
Número de registo de entrada de autoridade 0002200
Palavra de ordem Wilde
Outra parte do nome não tomada para palavra de ordem Oscar
Datas 1854-1900
966 ## - Identificação da Biblioteca
Sigla EB2,3ENM
942 ## - Elementos de entrada adicionados (Koha)
Tipo de item no Koha Livro
Exemplares
Situação do levantamento Origin of item (home branch) (coded) Biblioteca de empréstimo Código de barras Cota Circulation type (not for loan) Tipo de documento Nota do exemplar Damaged status
  Biblioteca Escolar Eng. Nuno Mergulhão Biblioteca Escolar Eng. Nuno Mergulhão BENM2791 82LE-34 WIL   Livro Sem mensagem